Statistiques concernant Expressions de la langue française avec un prénom

Cliquez ici pour prendre le quiz!

Statistiques générales

  • Ce quiz a été pris 249 fois
  • Le résultat moyen est 15 sur 33

Statistiques - réponses

ExpressionPrénom% Correct
relax ....Max
88%
à l'aise .....Blaise
87%
à la tienne ....Etienne
86%
cool ....Raoul
85%
en voiture ....Simone
84%
rendre à ..... ce qui est à ......César
76%
fonce ....Alphonse
75%
pleurer comme une ....Madeleine
75%
c'est le jeu, ma pauvre ....Lucette
73%
t'as pas tort ....Hector
61%
à 25 ans une jeune fille pas encore mariée, coiffe Sainte .....Catherine
59%
chauffe ....Marcel
56%
tranquille ....Emile
56%
....., ça glisseAlice
55%
se faire disputer ou se faire appeler ....Arthur
44%
à la pétanque, celui qui perd 13-0 doit embrasser .....Fanny
43%
au hasard ....Balthazar
33%
avoir la bougeotte ou faire la danse de Saint ....Guy
33%
tu me prends pour un imbécile,tu parles ....Charles
31%
t'as l'bonjour d'....Alfred
28%
une grosse bouteille est une dame ....Jeanne
28%
faire l'imbécile ou faire le ....Jacques
26%
personne avare ou fesse- ....Mathieu
26%
ça colle ....Anatole
25%
t'as raison ....Léon
23%
Il y a plus d’un âne qui s’appelle ...Martin
22%
utiliser une manoeuvre déloyale ou faire le coup du Père ....François
19%
tranquille comme ....Baptiste
14%
lâcher un pet ou lâcher une ....Louise
11%
se faire attendre ou se faire appeler ....Désiré
10%
communier ou avaler le ...Gaspard
10%
pas de ça ....Lisette
6%
faire sa petite mijaurée, ou faire sa .....Joséphine
1%

Distribution des résultats

Percentile par nombre de réponses

% des personnes avec chaque résultat

Votre développement - résultats

Vous n’avez pas pris ce quiz